Statistiken für Flugzeuge nach Hersteller

Klicken Sie hier um das Quiz zu spielen!

Allgemein

  • Dieses Quiz wurde 141 mal gespielt
  • Das Durchschnittsergebnis liegt bei 6 aus 15

Antwortstatistiken

FlugzeugHersteller% Korrekt
A320Airbus
100%
747Boeing
82%
A300Airbus
78%
DreamLifterBoeing
65%
E145Embraer
54%
C100 (A220)Bombardier/ Airbus
49%
MD90McDonnel Douglas
41%
CRJ700Bombardier
32%
F15EBoeing
26%
F16Lockheed
24%
172Cessna
20%
C130Lockheed
19%
E2Embraer
17%
C390 MillenniumEmbraer
4%
Model 6Boeing
3%

Verteilung der Resultate

Perzentil nach korrekt beantworteten Fragen

Anzahl Personen mit jedem Resultat

Ihre Resultats-Entwicklung

Sie haben dieses Quiz noch nicht gespielt